Política y mundo rural en la España contemporánea /
El artículo aborda el asunto del sistema político español de la época de la Restauración (1874-1923), particularmente el tema de la politización en el mundo rural. Se señala que la socialización de valores políticos e ideológicos entre la población española, particularmente la rural, fue menos inten...
محفوظ في:
| المؤلف الرئيسي: | |
|---|---|
| التنسيق: | نص |
| الموضوعات: | |
| الوسوم: |
إضافة وسم
لا توجد وسوم, كن أول من يضع وسما على هذه التسجيلة!
|
MARC
| LEADER | 00000 a a2200000 04500 | ||
|---|---|---|---|
| 001 | 15662 | ||
| 003 | |||
| 040 | |||
| 100 | |a Villares, Ramón | ||
| 245 | |a Política y mundo rural en la España contemporánea / |c Ramón Villares | ||
| 520 | |a El artículo aborda el asunto del sistema político español de la época de la Restauración (1874-1923), particularmente el tema de la politización en el mundo rural. Se señala que la socialización de valores políticos e ideológicos entre la población española, particularmente la rural, fue menos intensa que en el caso francés. Se argumenta que se conoce poco el grado de penetración e influencia estatal en los comportamientos del ámbito local, tema que el artículo se aboca a analizar. Para ello el debate se ubica en torno al grado de participación política del mundo rural, mediada a través de procesos electorales y del fenómeno del "caciquismo", y los factores de difusión de pautas políticas e ideológicas entre la población rural, con especial atención al movimiento asociativo desarrollado a partir de la crisis finisecular | ||
| 650 | |a AMBIENTE RURAL | ||
| 650 | |a POBLACION RURAL | ||
| 650 | |a PARTICIPACION POLITICA | ||
| 650 | |a HISTORIA | ||
| 650 | |a DESARROLLO RURAL | ||
| 650 | |a POLITICA GUBERNAMENTAL | ||
| 650 | |a PODER POLITICO | ||
| 650 | |a CENTRALIZACION | ||
| 650 | |a RECESION ECONOMICA | ||
| 650 | |a CAMPESINADO | ||
| 650 | |a MOVIMIENTOS SOCIALES | ||
| 650 | |a COMPORTAMIENTO POLITICO | ||
| 650 | |a ESPAÑA | ||
| 773 | |g número 47; páginas 117-143 | ||
| 999 | |c 33235 |d 33235 | ||
